000 00652nam a2200241Ia 4500
008 180523s9999 xx 000 0 und d
020 _a81-8061-303-8
050 _aMAIN BF 636
050 _b.A58 2004
100 _aAnthikad, Jacob.
245 0 _aPsychology for graduate nurses :
245 0 _bgeneral and educational psychology /
245 0 _cJacob Anthikad.
250 _a3rd Edition
260 _aNew Delhi :
260 _bJaypee Brothers Medical Publishers,
260 _c2004
300 _a251 pages :
300 _c22 cm.
500 _aIncludes index.
650 _aNursing -- Psychological aspects.
650 _xPsychology.
999 _c356566
_d356566